000 00517nam a2200217Ia 4500
003 OSt
005 20220928145141.0
006 a|||||r|||| 00| 0
007 ta
008 220927b |||||||| |||| 00| 0 eng d
024 _a79207
037 _cTextual
040 _aSDCL
_cSDCL
_beng
041 _2eng
_aeng
082 _aO-,1N23,1, K4
100 _aDickey James
_9511944
245 0 _aHelmets.
260 _c1964
942 _hO-,1N23,1, K4
_cTEXL
_2CC
999 _c832325
_d832325